| 000 | 02301cam a2200373 i 4500 | ||
|---|---|---|---|
| 003 | SA-RiAUC | ||
| 005 | 20251119125946.0 | ||
| 008 | 251027s2013 su g 000r0bara c | ||
| 040 |
_aSA-JeALM _bara _cSA-RiAUC _erda |
||
| 082 | 0 | 4 |
_a216.3 _qSA-RiAUC |
| 090 |
_a216.3 _bم ع ل |
||
| 100 | 1 |
_aالمعلمي، عبد الرحمن بن يحيى بن علي، _d1313-1386 هجري _eمؤلف. |
|
| 245 | 1 | 2 |
_aالتنكيل بما في تأنيب الكوثري من الأباطيل / _cتأليف عبد الرحمن بن يحيى المعلمي اليماني ؛ تحقيق علي بن محمد العمران، محمد أجمل الإصلاحي ؛ وفق المنهج المعتمد من بكر بن عبد الله أبو زيد. |
| 250 | _aالطبعة الاولى. | ||
| 264 | 1 |
_aمكة المكرمة : _bدار عالم الفوائد للنشر والتوزيع، _c[2013] |
|
| 300 |
_aمجلد ؛ _c24 سم. |
||
| 336 |
_aنص _btxt _2rdacontent _3كتاب |
||
| 337 |
_aبدون وسيط _bn _2rdamedia |
||
| 338 |
_aمجلد _bnc _2rdacarrier |
||
| 490 | 1 |
_aآثار الشيخ العلامة عبد الرحمن بن يحيى المعلمي ؛ _v10 |
|
| 490 | 0 | _aمطبوعات مجمع الفقه الإسلامي | |
| 600 | 1 | 7 |
_aأبو حنيفة، النعمان بن ثابت التيمي، _d80-150 هجري _2aucnm |
| 650 | 7 |
_aالحديث _xتراجم الرواة _xدفع مطاعن _2aucsh |
|
| 650 | 7 |
_aالإسلام _xدفع مطاعن _2aucsh |
|
| 700 | 1 |
_aالعمران، علي بن محمد، _d1390 هجري- _eمحقق. |
|
| 700 | 1 |
_aالإصلاحي، محمد أجمل أيوب، _d1953- _eمحقق. |
|
| 700 | 1 |
_aأبو زيد، بكر بن عبد الله، _d1365-1429 هجري _eمؤلف. |
|
| 700 | 1 | 2 |
_aالكوثري، محمد زاهد بن الحسن، _d1879-1952. _tتأنيب الخطيب على ما ساقه في ترجمة أبي حنيفة من الأكاذيب |
| 700 | 1 | 2 |
_aالخطيب البغدادي، أحمد بن علي بن ثابت، _d392-463 هجري. _tتاريخ بغداد، أو، مدينة السلام |
| 740 | 0 | 2 | _aتأنيب الخطيب على ما ساقه في ترجمة أبي حنيفة من الأكاذيب. |
| 740 | 0 | 2 | _aتاريخ بغداد. |
| 942 |
_2ddc _cBOOK _n0 |
||
| 949 |
_aSA-JeALM _d251027 _uosman123 _n1 |
||
| 999 |
_c13344 _d13344 |
||